|
|
|
|
| LEADER |
00000cam a22000004a 4500 |
| 001 |
musev2_15892 |
| 003 |
MdBmJHUP |
| 005 |
20230905041727.0 |
| 006 |
m o d |
| 007 |
cr||||||||nn|n |
| 008 |
110718s2012 vau o 00 0 eng d |
| 020 |
|
|
|a 9780813932064
|
| 020 |
|
|
|z 9780813931937
|
| 035 |
|
|
|a (OCoLC)797815182
|
| 040 |
|
|
|a MdBmJHUP
|c MdBmJHUP
|
| 100 |
1 |
|
|a Nicholls, Michael L.,
|d 1944-
|
| 245 |
1 |
0 |
|a Whispers of Rebellion :
|b Narrating Gabriel's Conspiracy /
|c Michael L. Nicholls.
|
| 264 |
|
1 |
|a Charlottesville :
|b University of Virginia Press,
|c 2012.
|
| 264 |
|
3 |
|a Baltimore, Md. :
|b Project MUSE,
|c 2012
|
| 264 |
|
4 |
|c ©2012.
|
| 300 |
|
|
|a 1 online resource (264 pages):
|b maps
|
| 336 |
|
|
|a text
|b txt
|2 rdacontent
|
| 337 |
|
|
|a computer
|b c
|2 rdamedia
|
| 338 |
|
|
|a online resource
|b cr
|2 rdacarrier
|
| 490 |
0 |
|
|a Carter G. Woodson Institute series
|
| 505 |
0 |
|
|a The brook and the road -- Are you a true man? -- The deluge -- Revenge or justice? -- Putting a period -- Politics and policies -- Afterword -- Appendix A. The geography of conspiracy -- Appendix B. Men tried for conspiracy and insurrection -- Appendix C. Alleged participants not prosecuted -- Appendix D. Slave witnesses at trials.
|
| 546 |
|
|
|a English.
|
| 588 |
|
|
|a Description based on print version record.
|
| 600 |
1 |
7 |
|a Prosser, Gabriel,
|d approximately 1775-1800.
|2 fast
|0 (OCoLC)fst01842427
|
| 600 |
1 |
1 |
|a Prosser, Gabriel,
|d ca. 1775-1800.
|
| 600 |
1 |
0 |
|a Prosser, Gabriel,
|d approximately 1775-1800.
|
| 650 |
|
6 |
|a Proces (Complot)
|z Virginie
|z Richmond
|x Histoire
|y 19e siecle.
|
| 650 |
|
7 |
|a Trials (Conspiracy)
|2 fast
|0 (OCoLC)fst01156316
|
| 650 |
|
7 |
|a Trials.
|2 fast
|0 (OCoLC)fst01156290
|
| 650 |
|
7 |
|a Slavery.
|2 fast
|0 (OCoLC)fst01120426
|
| 650 |
|
7 |
|a Slave insurrections.
|2 fast
|0 (OCoLC)fst01120389
|
| 650 |
|
7 |
|a Conspiracy.
|2 fast
|0 (OCoLC)fst00875719
|
| 650 |
|
7 |
|a HISTORY
|z United States
|x Revolutionary Period (1775-1800)
|2 bisacsh
|
| 650 |
|
7 |
|a SOCIAL SCIENCE
|x Slavery.
|2 bisacsh
|
| 650 |
|
0 |
|a Trials (Conspiracy)
|z Virginia
|z Richmond
|x History
|y 19th century.
|
| 650 |
|
0 |
|a Slavery
|z Virginia
|x History.
|
| 650 |
|
0 |
|a Slave insurrections
|z Virginia
|z Richmond Region
|x History.
|
| 650 |
|
0 |
|a Conspiracy
|z Virginia
|z Richmond Region
|x History.
|
| 651 |
|
7 |
|a Virginia
|z Richmond Region.
|2 fast
|0 (OCoLC)fst01351260
|
| 651 |
|
7 |
|a Virginia
|z Richmond.
|2 fast
|0 (OCoLC)fst01205345
|
| 651 |
|
7 |
|a Virginia.
|2 fast
|0 (OCoLC)fst01204597
|
| 651 |
|
0 |
|a Richmond (Va.)
|x Trials, litigation, etc.
|x History
|y 19th century.
|
| 655 |
|
7 |
|a History.
|2 fast
|0 (OCoLC)fst01411628
|
| 655 |
|
0 |
|a Electronic book.
|
| 655 |
|
7 |
|a Electronic books.
|2 local
|
| 710 |
2 |
|
|a Project Muse.
|e distributor
|
| 830 |
|
0 |
|a Book collections on Project MUSE.
|
| 856 |
4 |
0 |
|z Texto completo
|u https://projectmuse.uam.elogim.com/book/15892/
|
| 945 |
|
|
|a Project MUSE - Custom Collection
|
| 945 |
|
|
|a Project MUSE - 2012 US Regional Studies, South
|
| 945 |
|
|
|a Project MUSE - 2012 Complete
|